New York ou Los Angeles - Statistiques

Statistiques générales
  • Ce quiz a été pris 287 fois
  • Le résultat moyen est 6 sur 10
Statistiques - réponses
Question Réponse % Correct
La ville la plus densément peuplée New York
86%
La ville la plus peuplée New York
85%
La ville avec le Walt Disney Concert Hall Los Angeles
79%
La ville dans l'État le plus peuplé Los Angeles
75%
La ville la plus grosse Los Angeles
71%
La ville avec un drapeau tricolore bleu, blanc et orange New York
52%
La ville la plus proche de Winnipeg New York
51%
La ville avec l'âge de consentement le plus haut Los Angeles
28%
La ville la plus proche de Quito New York
27%
La ville avec le plus petit nombre de quartiers Los Angeles
22%
Aucun quiz correspondant
Distribution des résultats
% des personnes avec chaque résultat
Percentile par nombre de réponses
Votre historique - résultats
Vous n’avez pas pris ce quiz